000 00553nam a2200193Ia 4500
005 20250508161721.0
008 008 250505s9999 xx 000 0 eng d
037 _aTextual
040 _aFEDL
_beng
_cFEDL
041 _aeng
_2eng
084 _a371.4, BHA
_qFEDL
100 _aBhatia Hans Raj
_984373
245 0 _aWhat basic education means
260 _aBombay, India
_bOrient Longman Pvt. Ltd.
_c1956
300 _a62p
650 _aEducational guidance and Counseling
942 _cTEXL
_h371.4, BHA
999 _c1371715
_d1371715